[Event "IND-chT (Women) 21st"]
[Site "Dharamshala"]
[Date "2024.04.01"]
[Round "4.4"]
[White "Bindu, Saritha K"]
[Black "Pranjal, Malhotra"]
[Result "1-0"]
[WhiteElo "1719"]
[BlackElo "1493"]
[PlyCount "97"]
[EventDate "2024.03.29"]
[EventType "team-swiss"]
[EventRounds "7"]
[EventCountry "IND"]
[SourceTitle "CB15_2024"]
[SourceDate "2024.04.10"]
[SourceVersion "1"]
[SourceVersionDate "2024.04.10"]
[SourceQuality "1"]
[WhiteTeam "LIC of India (W)"]
[BlackTeam "Punjab (W)"]
[WhiteTeamCountry "IND"]
[BlackTeamCountry "IND"]

1. d4 Nf6 2. c4 d6 3. Nf3 g6 4. Nc3 Bg7 5. e4 0-0 6. Be2 Nbd7 7. 0-0 Re8 8. Be3 Ng4 9. Bg5 f6 10. Bc1 e5 11. h3 Nh6 12. dxe5 dxe5 13. Be3 c6 14. Qb3 Nf7 15. Rad1 Qe7 16. Qc2 Nf8 17. c5 Ne6 18. b4 Bd7 19. Bc4 a5 20. a3 axb4 21. axb4 Ra3 22. Na4 Nf4 23. Bc1 Ra1 24. Nb6 Be6 25. Qb2 Ra7 26. Bxf4 exf4 27. Qc1 Ne5 28. Bxe6+ Qxe6 29. Qxf4 Nxf3+ 30. Qxf3 Qxe4 31. Qxe4 Rxe4 32. Rd8+ Kf7 33. Nc8 Rxb4 34. Nxa7 Bf8 35. Rc1 Bh6 36. Re1 Bf4 37. Nc8 f5 38. Nd6+ Kf6 39. g3 Bd2 40. Re2 Rb1+ 41. Kg2 Bb4 42. Nxb7 Ba3 43. Rd6+ Kg5 44. Nd8 Bxc5 45. Rxc6 Ba3 46. Rc7 Rb3 47. Rxh7 Bb4 48. f4+ Kf6 49. Re6# 1-0